000
00285nam a2200109Ia 4500
008
221009s9999 xx 000 0 und d
082
_a
400
100
_a
Guider
_9
79384
245
0
_a
50 प्रैक्टिस सेट्स हिन्दी
260
_b
Guider
942
_c
BK
999
_c
65353
_d
65353